000 00386nam a2200157Ia 4500
008 210716s2010 xx 000 0 und d
020 _a9788131724842
041 _aeng
082 _a658.3 DURP
100 _aDurai, Pravin.
245 _aHuman resource management.
250 _a1
260 _aNew Delhi
_bPearson
_c2010
300 _axii,668
650 _aHuman Resource Management
999 _c208033
_d208033